000 00641cam a22002053a 4500
001 40113
003 PGUSA
005 20140828083908.0
008 120701s2012||||xxu|||||s|||||000 | eng d
040 _aPGUSA
_beng
042 _adc
100 1 _aHulme, F. Edward
_q(Frederick Edward),
_d1841-1909
245 1 4 _aThe Flags of the World :
_bTheir History, Blazonry, and Associations
_h[electronic resource] /
_cF. Edward Hulme
260 _bProject Gutenberg,
_c2012
506 _aPublic domain in the USA.
516 _aElectronic text
830 0 _aProject Gutenberg
_v40113
856 4 0 _uhttp://www.gutenberg.org/ebooks/40113
942 _cEB
999 _c269366
_d269366